Mozambique : (Record no. 128319)
[ view plain ]
| 000 -LEADER | |
|---|---|
| fixed length control field | 00987cam a2200301 i 4500 |
| 001 - CONTROL NUMBER | |
| control field | 1749866 |
| 003 - CONTROL NUMBER IDENTIFIER | |
| control field | ARRUPE |
| 005 - DATE AND TIME OF LATEST TRANSACTION | |
| control field | 20181008111657.0 |
| 008 - FIXED-LENGTH DATA ELEMENTS--GENERAL INFORMATION | |
| fixed length control field | 751111s1975 enkb 000 0aeng |
| 010 ## - LIBRARY OF CONGRESS CONTROL NUMBER | |
| LC control number | 75327939 |
| 015 ## - NATIONAL BIBLIOGRAPHY NUMBER | |
| National bibliography number | GB75-19312 |
| 020 ## - INTERNATIONAL STANDARD BOOK NUMBER | |
| International Standard Book Number | 0140410465 |
| 040 ## - CATALOGING SOURCE | |
| Original cataloging agency | DLC |
| Transcribing agency | DLC |
| Modifying agency | DLC |
| 043 ## - GEOGRAPHIC AREA CODE | |
| Geographic area code | f-mz--- |
| 050 00 - LIBRARY OF CONGRESS CALL NUMBER | |
| Classification number | BV3625.M66 |
| Item number | P386 |
| 082 00 - DEWEY DECIMAL CLASSIFICATION NUMBER | |
| Classification number | 967.9/03/0924 |
| -- | B |
| 300 ## - PHYSICAL DESCRIPTION | |
| Other physical details | 3 maps ; |
| Dimensions | 18 cm. |
| 100 1# - MAIN ENTRY--PERSONAL NAME | |
| Personal name | Paul, John, |
| Dates associated with a name | 1928-2009. |
| 9 (RLIN) | 42777 |
| 245 10 - TITLE STATEMENT | |
| Title | Mozambique : |
| Remainder of title | memoirs of a revolution / |
| Statement of responsibility, etc | John Paul. |
| 260 ## - PUBLICATION, DISTRIBUTION, ETC. (IMPRINT) | |
| Place of publication, distribution, etc | Harmondsworth ; |
| -- | Baltimore [etc.] : |
| Name of publisher, distributor, etc | Penguin, |
| Date of publication, distribution, etc | 1975. |
| 300 ## - PHYSICAL DESCRIPTION | |
| Extent | 232 p. : |
| 490 0# - SERIES STATEMENT | |
| Series statement | Penguin African library |
| 600 10 - SUBJECT ADDED ENTRY--PERSONAL NAME | |
| Personal name | Paul, John, |
| Dates associated with a name | 1928-2009. |
| 9 (RLIN) | 42777 |
| 610 20 - SUBJECT ADDED ENTRY--CORPORATE NAME | |
| Corporate name or jurisdiction name as entry element | FRELIMO (Organization) |
| 9 (RLIN) | 30365 |
| 651 #0 - SUBJECT ADDED ENTRY--GEOGRAPHIC NAME | |
| Geographic name | Mozambique |
| General subdivision | Politics and government. |
| 9 (RLIN) | 30349 |
| 651 #0 - SUBJECT ADDED ENTRY--GEOGRAPHIC NAME | |
| Geographic name | Mozambique |
| General subdivision | History |
| Chronological subdivision | Revolution, 1964-1975 |
| Form subdivision | Personal narratives. |
| 9 (RLIN) | 42778 |
| 906 ## - LOCAL DATA ELEMENT F, LDF (RLIN) | |
| a | 7 |
| b | cbc |
| c | orignew |
| d | 3 |
| e | ncip |
| f | 19 |
| g | y-gencatlg |
| 942 ## - ADDED ENTRY ELEMENTS (KOHA) | |
| Source of classification or shelving scheme | Library of Congress Classification |
| Koha item type | Monograph ( Printed materials) |
| Withdrawn status | Lost status | Source of classification or shelving scheme | Damaged status | Not for loan | Collection code | Home library | Current library | Shelving location | Date acquired | Total Checkouts | Full call number | Barcode | Date last seen | Price effective from | Koha item type |
|---|---|---|---|---|---|---|---|---|---|---|---|---|---|---|---|
| Library of Congress Classification | Main Collection | ARRUPE LIBRARY | ARRUPE LIBRARY | Main Collection | 08/10/2018 | BV3625.M66 P386 | 46600002881 | 08/10/2018 | 08/10/2018 | Monograph ( Printed materials) |